000 01307cam a2200349 a 4500
001 2107510
003 OSt
005 20250716175637.0
008 960708s1996 tnua b 001 0 eng
010 _a 96032279
020 _a0687008522
_qpbk. : alk. paper
020 _a9780687008520
_q(pbk. : alk. paper)
035 _a2107510
040 _aDLC
_cDLC
_dDLC
050 0 0 _aBS2650.2
_b.C68 1996
082 0 0 _a227/.06
_220
100 1 _aCousar, Charles B.
245 1 4 _aThe letters of Paul /
_cCharles B. Cousar ; general editors, Gene M. Tucker, Old Testament ; Charles B. Cousar, New Testament.
260 _aNashville :
_bAbingdon Press,
_cc1996.
300 _a212 p. :
_bill. ;
_c23 cm.
336 _atext
_btxt
_2rdacontent
337 _aunmediated
_bn
_2rdamedia
338 _avolume
_bnc
_2rdacarrier
440 0 _aInterpreting Biblical texts
504 _aIncludes bibliographical references (p. 204-207) and index.
630 0 0 _aBible.
_pEpistles of Paul
_xCriticism, interpretation, etc.
700 1 _aTucker, Gene M.
906 _a7
_bcbc
_corignew
_d1
_eocip
_f19
_gy-gencatlg
942 _2lcc
_cBK
_n0
999 _c7018
_d7018